Las estrategias de la reproducción social
Saved in:
| Hovedforfatter: | |
|---|---|
| Format: | Bog |
| Sprog: | spansk |
| Udgivet: |
Buenos Aires, Argentina:
Siglo Veintiuno,
2011
|
| Fag: | |
| Tags: |
Tilføj Tag
Ingen Tags, Vær først til at tagge denne postø!
|
MARC
| LEADER | 00000cam a2200000 a 4500 | ||
|---|---|---|---|
| 001 | UCG8530 | ||
| 003 | CL-VaPUC | ||
| 005 | 20240125113214.0 | ||
| 008 | 111216e20110000AG |||||||||||||||||spa|d | ||
| 999 | |c 346137 |d 346135 | ||
| 020 | |a 9789876291873 | ||
| 040 | |c Pontificia Universidad Católica de Valparaíso | ||
| 082 | 0 | 4 | |a 301 BOU 2011 |2 21 |
| 100 | 0 | |a Bourdieu, Pierre |9 308635 |e autor | |
| 245 | 1 | 4 | |a Las estrategias de la reproducción social |
| 260 | 0 | 3 | |a Buenos Aires, Argentina: |b Siglo Veintiuno, |c 2011 |
| 300 | |a 224 páginas | ||
| 583 | |a last modification |c 20130430 05:47:51 |k Rodrigo Vera | ||
| 650 | 0 | |a Sociología |9 255410 | |
| 650 | 0 | |a Antropología cultural y social |9 265143 | |
| 942 | |c BK |2 ddc | ||
| 945 | |d 20111216 00:00:00 |a dcastane | ||
| 952 | |0 0 |1 0 |2 ddc |4 0 |6 301_000000000000000_BOU_2011 |7 0 |8 R |9 446672 |a BIBGIM |b BIBGIM |d 2019-11-22 |i 4814932 |o 301 BOU 2011 |p 4814932 |r 2025-01-15 |t 2 |w 2019-11-22 |y BK_R |k SSL | ||
| 952 | |0 0 |1 0 |2 ddc |4 0 |6 301_000000000000000_BOU_2011 |7 0 |8 R |9 446673 |a BIBGIM |b BIBGIM |d 2019-11-22 |i 4814940 |o 301 BOU 2011 |p 4814940 |r 2025-01-15 |t 3 |w 2019-11-22 |y BK_R |k SSL | ||
| 952 | |0 0 |1 0 |2 ddc |4 0 |6 301_000000000000000_BOU_2011 |7 0 |8 A |9 446674 |a BIBHIS |b BIBHIS |d 2019-11-22 |i 4969693 |l 7 |o 301 BOU 2011 |p 4969693 |r 2025-01-20 |s 2024-11-21 |t 1 |w 2019-11-22 |y BK |k HIS | ||
| 952 | |0 0 |1 0 |2 ddc |4 0 |6 301_000000000000000_BOU_2011 |7 0 |8 R |9 446675 |a BIBGIM |b BIBGIM |d 2019-11-22 |i 4976657 |o 301 BOU 2011 |p 4976657 |r 2025-01-15 |t 4 |w 2019-11-22 |y BK_R |k SSL | ||
| 952 | |0 0 |1 0 |2 ddc |4 0 |6 301_000000000000000_BOU_2011 |7 0 |8 A |9 446676 |a BIBEDU |b BIBEDU |d 2019-11-22 |i 4991818 |l 1 |o 301 BOU 2011 |p 4991818 |r 2022-04-14 |s 2022-04-07 |t 5 |w 2019-11-22 |y BK |k FIL | ||
| 952 | |0 0 |1 0 |2 ddc |3 erb |4 0 |6 301_000000000000000_BOU_2011 |7 0 |8 A |9 446677 |a BIBEDU |b BIBEDU |d 2019-11-22 |i 5017920 |o 301 BOU 2011 |p 5017920 |r 2019-11-22 |t 6 |w 2019-11-22 |y BK |z Catalogado en:20131011 |k PSI | ||
| 952 | |0 0 |1 0 |2 ddc |3 erb |4 0 |6 301_000000000000000_BOU_2011 |7 0 |8 A |9 446678 |a BIBEDU |b BIBEDU |d 2019-11-22 |i 5023688 |o 301 BOU 2011 |p 5023688 |r 2019-11-22 |t 7 |w 2019-11-22 |y BK |z Catalogado en:20131025 |k FIL | ||
| 952 | |0 0 |1 0 |2 ddc |4 0 |6 301_000000000000000_BOU_2011 |7 0 |8 A |9 576987 |a BIBTEO |b BIBTEO |d 2020-11-23 |e 3 |g 11562.00 |i 557823K |o 301 BOU 2011 |p 557823K |r 2025-01-17 |t 8 |v 11562.00 |w 2020-11-23 |y BK |k ICR | ||